000 00269nam a2200097Ia 4500
001 1088541
005 20250827002720.0
008 250824s9999 xx 000 0 und d
245 0 _aÇÜRÜMÜŞ GEZEGEN •T2 ¨217
_cECEHAN ERGİN ÇETİN
260 _bPANAMA YAYINLARI
999 _c1088541
_d1088541